[Event "Ambelokipi op 166th"]
[Site "Athens"]
[Date "2017.11.15"]
[Round "3"]
[White "Koutsompinas, Georgios"]
[Black "Touloupas, Andreas"]
[Result "1-0"]
[WhiteElo "1527"]
[BlackElo "1789"]
[PlyCount "71"]
[EventDate "2017.11.01"]
[EventType "swiss"]
[EventRounds "7"]
[EventCountry "GRE"]
[SourceTitle "EXT 2024"]
[Source "ChessBase"]
[SourceDate "2023.10.10"]
[SourceVersion "1"]
[SourceVersionDate "2023.10.10"]
[SourceQuality "1"]

1. c4 Nf6 2. Nc3 g6 3. g3 Bg7 4. Bg2 0-0 5. e4 d6 6. Nge2 e5 7. 0-0 Be6 8. d3 Nbd7 9. Bg5 c6 10. Qd2 a5 11. b3 Rb8 12. d4 Bg4 13. f3 exd4 14. Nxd4 Qb6 15. Be3 Nc5 16. fxg4 Nxg4 17. Rad1 Ne6 18. Na4 Qa7 19. Nc2 c5 20. Nc3 Nxe3 21. Nxe3 Nd4 22. Kh1 b5 23. cxb5 Nxb5 24. Nxb5 Rxb5 25. Nc4 a4 26. Nxd6 Rb4 27. Qd5 axb3 28. axb3 Bd4 29. e5 Qe7 30. Rxf7 Rxf7 31. Nxf7 Qxf7 32. e6 Qe7 33. Rf1 Bf6 34. Rxf6 Qxf6 35. e7+ Kg7 36. e8N+ 1-0

[Event "Ambelokipi op 149th"]
[Site "Athens"]
[Date "2014.11.26"]
[Round "4"]
[White "Touloupas, Andreas"]
[Black "Gripeos, Kiriakos"]
[Result "1-0"]
[WhiteElo "1708"]
[BlackElo "2051"]
[PlyCount "73"]
[EventDate "2014.11.05"]
[EventType "swiss"]
[EventRounds "7"]
[EventCountry "GRE"]
[SourceTitle "EXT 2016"]
[Source "ChessBase"]
[SourceDate "2015.10.08"]
[SourceVersion "1"]
[SourceVersionDate "2015.10.08"]
[SourceQuality "1"]

1. e4 c5 2. Nf3 d6 3. Be2 Nf6 4. Nc3 e5 5. b3 g6 6. Bb2 a6 7. h3 b5 8. d3 Bb7 9. a4 b4 10. Nb1 Nh5 11. g3 Bh6 12. Nbd2 0-0 13. Nh2 Nf6 14. Bf3 Nc6 15. Qe2 Ne8 16. 0-0-0 Nc7 17. Bg2 Nd4 18. Qf1 f5 19. Kb1 d5 20. Ndf3 Qf6 21. Nxd4 cxd4 22. f4 fxe4 23. Ng4 Qg7 24. Nxe5 Ne6 25. dxe4 dxe4 26. Qc4 Qe7 27. Nc6 Bxc6 28. Qxc6 Bg7 29. Bxe4 Rac8 30. Qxa6 Nxf4 31. Rhe1 Qc5 32. gxf4 Rxf4 33. Qc4+ Qxc4 34. bxc4 Rd8 35. Bd5+ Kh8 36. Re4 Rxe4 37. Bxe4 1-0

[Event "Ambelokipi op 142nd"]
[Site "Athens"]
[Date "2014.04.30"]
[Round "7"]
[White "Touloupas, Andreas"]
[Black "Hahabis, Nikolaos"]
[Result "1/2-1/2"]
[WhiteElo "1672"]
[BlackElo "1998"]
[PlyCount "94"]
[EventDate "2014.03.05"]
[EventType "swiss"]
[EventRounds "7"]
[EventCountry "GRE"]
[SourceTitle "EXT 2016"]
[Source "ChessBase"]
[SourceDate "2015.10.08"]
[SourceVersion "1"]
[SourceVersionDate "2015.10.08"]
[SourceQuality "1"]

1. c4 Nf6 2. Nc3 g6 3. g3 Bg7 4. Bg2 0-0 5. Nf3 d6 6. 0-0 e5 7. d3 Nc6 8. a3 Re8 9. Ng5 Rb8 10. Nd5 Nd4 11. Nxf6+ Bxf6 12. Ne4 Bg7 13. Bg5 f6 14. Be3 Kh8 15. b4 Bg4 16. f3 Bd7 17. Rb1 Ne6 18. Qd2 f5 19. Nc3 f4 20. Bf2 fxg3 21. hxg3 Nd4 22. Bxd4 exd4 23. Ne4 Qe7 24. Kf2 Bf5 25. f4 c6 26. Rh1 Bg4 27. Rbe1 h5 28. Bf3 Bxf3 29. exf3 Bf6 30. f5 Kg7 31. fxg6 Rh8 32. Ng5 Qd7 33. Ne6+ Kxg6 34. Qf4 Rbg8 35. Nxd4 Be5 36. Qe4+ Kf6 37. f4 Bxd4+ 38. Qxd4+ Kf7 39. c5 Qg4 40. Rhg1 h4 41. Qxd6 hxg3+ 42. Ke3 Re8+ 43. Kd2 Rh2+ 44. Kc3 Rhe2 45. Rxe2 Rxe2 46. Rh1 Rh2 47. Re1 Re2 1/2-1/2

[Event "Athens Siaperas Memorial 10th"]
[Site "Athens"]
[Date "2014.01.18"]
[Round "2"]
[White "Vazelakis, Dimitrios"]
[Black "Touloupas, Andreas"]
[Result "1-0"]
[WhiteElo "1980"]
[BlackElo "1698"]
[PlyCount "61"]
[EventDate "2014.01.11"]
[EventType "swiss"]
[EventRounds "7"]
[EventCountry "GRE"]
[SourceTitle "EXT 2016"]
[Source "ChessBase"]
[SourceDate "2015.10.08"]
[SourceVersion "1"]
[SourceVersionDate "2015.10.08"]
[SourceQuality "1"]

1. c4 Nf6 2. g3 g6 3. Bg2 Bg7 4. Nc3 0-0 5. e4 d6 6. Nge2 e5 7. d3 Bg4 8. f3 Be6 9. 0-0 c6 10. Be3 Qd7 11. Kh1 Na6 12. f4 Ng4 13. Bg1 f5 14. exf5 gxf5 15. Rc1 Rf6 16. Bf3 Nc7 17. d4 e4 18. Bxg4 fxg4 19. d5 cxd5 20. cxd5 Bf7 21. Bd4 Rf5 22. Bxg7 Kxg7 23. Nd4 Rh5 24. Ne6+ Nxe6 25. dxe6 Qxe6 26. Qd4+ Kg8 27. Nxe4 Qd5 28. Rfd1 Qxd4 29. Rxd4 Rb5 30. b3 Bd5 31. Rxd5 1-0

[Event "Ambelokipi op 135th"]
[Site "Athens"]
[Date "2013.06.15"]
[Round "5"]
[White "Touloupas, Andreas"]
[Black "Kapagiannidis, Konstantinos"]
[Result "0-1"]
[WhiteElo "1640"]
[BlackElo "1934"]
[PlyCount "76"]
[EventDate "2013.05.18"]
[EventType "swiss"]
[EventRounds "7"]
[EventCountry "GRE"]
[SourceTitle "EXT 2024"]
[Source "ChessBase"]
[SourceDate "2023.10.10"]
[SourceVersion "1"]
[SourceVersionDate "2023.10.10"]
[SourceQuality "1"]

1. e4 e5 2. d4 exd4 3. Nf3 Nc6 4. Bc4 Be7 5. c3 Nf6 6. Qb3 0-0 7. Ng5 Ne5 8. cxd4 Nxc4 9. Qxc4 Nxe4 10. h4 d5 11. Qd3 Bf5 12. Qf3 Qd7 13. Nc3 Bb4 14. 0-0 Rfe8 15. Bf4 Bg4 16. Qd3 Bxc3 17. f3 Bxd4+ 18. Qxd4 c5 19. Qd3 Nxg5 20. fxg4 Ne4 21. Rac1 b5 22. h5 d4 23. Qf3 g5 24. Rce1 gxf4 25. Rxe4 Rxe4 26. Qxe4 Re8 27. Qxf4 Re6 28. g5 d3 29. Qf3 d2 30. h6 Kf8 31. g6 Rxg6 32. Qa8+ Ke7 33. Qe4+ Re6 34. Rxf7+ Kxf7 35. Qxh7+ Ke8 36. Qg8+ Ke7 37. Qg5+ Rf6 38. Qxc5+ Kd8 0-1

[Event "Athens Christmas 1st"]
[Site "Athens"]
[Date "2012.12.24"]
[Round "2.6"]
[White "Touloupas, Andreas"]
[Black "Korres, Evangelos"]
[Result "0-1"]
[WhiteElo "1649"]
[BlackElo "2040"]
[PlyCount "81"]
[EventDate "2012.12.23"]
[EventType "swiss"]
[EventRounds "7"]
[EventCountry "GRE"]
[SourceTitle "EXT 2024"]
[Source "ChessBase"]
[SourceDate "2023.10.10"]
[SourceVersion "1"]
[SourceVersionDate "2023.10.10"]
[SourceQuality "1"]

1. e4 c5 2. g3 g6 3. Bg2 Bg7 4. Nc3 d6 5. d3 Nc6 6. Be3 Nf6 7. f3 Qa5 8. Qd2 Bd7 9. Nge2 b5 10. Nf4 b4 11. Nce2 Rc8 12. 0-0 0-0 13. Nh3 Rfd8 14. f4 Ng4 15. f5 Nxe3 16. Qxe3 Bxb2 17. fxg6 fxg6 18. c3 Kg7 19. Nef4 c4 20. Ng5 Bxc3 21. Nfe6+ Kg8 22. Qf4 Bf6 23. Nxd8 Rxd8 24. e5 Nxe5 25. Ne4 Rf8 26. dxc4 Nf3+ 27. Kh1 Bxa1 28. Qc1 Be5 29. Bxf3 Bh3 30. Rf2 Bd4 31. Ng5 Bxf2 32. Bd5+ e6 33. Nxe6 Bxe6 34. Bxe6+ Kg7 35. Bd5 Qxa2 36. Qg5 Qa1+ 37. Kg2 Qg1+ 38. Kh3 Qf1+ 39. Kh4 Bd4 40. Qe7+ Rf7 41. Qe6 0-1

[Event "Petroupoli op 4th"]
[Site "Petroupoli"]
[Date "2012.04.28"]
[Round "1"]
[White "Kolyvas, Aris"]
[Black "Touloupas, Andreas"]
[Result "1/2-1/2"]
[WhiteElo "1404"]
[BlackElo "1853"]
[PlyCount "93"]
[EventDate "2012.04.28"]
[EventType "swiss"]
[EventRounds "7"]
[EventCountry "GRE"]
[SourceTitle "CBM 148 Extra"]
[Source "ChessBase"]
[SourceDate "2012.06.22"]
[SourceVersion "1"]
[SourceVersionDate "2012.06.22"]
[SourceQuality "1"]

1. d4 d5 2. c4 e5 3. dxe5 d4 4. e3 Bb4+ 5. Bd2 dxe3 6. fxe3 Qh4+ 7. g3 Qe4 8. Nf3 Bg4 9. Bg2 Nc6 10. 0-0 0-0-0 11. Qe1 Qxc4 12. a3 Bc5 13. Qc1 Qxc1 14. Rxc1 Bxf3 15. Rxc5 Bxg2 16. Kxg2 Nge7 17. Bc3 Rd1 18. b4 b6 19. Rc4 Rc1 20. e6 f6 21. Nd2 Rc2 22. Kg1 Nd8 23. b5 Nd5 24. Bb4 Nxb4 25. axb4 Rxd2 26. Rxa7 Kb8 27. Raxc7 Nxe6 28. R7c6 Re8 29. Rxb6+ Ka7 30. Ra6+ Kb7 31. Rcc6 Nc7 32. Rcb6+ Kc8 33. Ra3 Rb2 34. Rc6 Kb7 35. Rac3 Re7 36. b6 Nb5 37. R3c5 Rxe3 38. Rc1 Re1+ 39. Rxe1 Kxc6 40. Re7 Nd6 41. Rxg7 h5 42. Rh7 Rxb4 43. Rxh5 Rxb6 44. Kg2 Kd7 45. g4 Ke6 46. h4 Rb3 47. Rh6 1/2-1/2

[Event "Petroupoli op 3rd"]
[Site "Petroupoli"]
[Date "2012.03.28"]
[Round "6"]
[White "Darviris, Panagiotis"]
[Black "Touloupas, Andreas"]
[Result "0-1"]
[WhiteElo "1450"]
[BlackElo "1853"]
[PlyCount "38"]
[EventDate "2012.03.10"]
[EventType "swiss"]
[EventRounds "7"]
[EventCountry "GRE"]
[SourceTitle "CBM 147 Extra"]
[Source "ChessBase"]
[SourceDate "2012.04.24"]
[SourceVersion "1"]
[SourceVersionDate "2012.04.24"]
[SourceQuality "1"]

1. e4 Nf6 2. e5 Nd5 3. d4 d6 4. c4 Nb6 5. f4 dxe5 6. fxe5 c5 7. Be3 Nc6 8. Nf3 Bg4 9. Be2 cxd4 10. Bxd4 Bxf3 11. Bxb6 Qxb6 12. Bxf3 Qxb2 13. Bxc6+ bxc6 14. 0-0 Qxa1 15. Qa4 Qd4+ 16. Kh1 Qb6 17. Qc2 e6 18. Nc3 Be7 19. Na4 Qc7 0-1

[Event "Petroupoli op 3rd"]
[Site "Petroupoli"]
[Date "2012.03.10"]
[Round "1"]
[White "Touloupas, Andreas"]
[Black "Stavropoulos, Konstantinos"]
[Result "0-1"]
[WhiteElo "1853"]
[BlackElo "1400"]
[PlyCount "80"]
[EventDate "2012.03.10"]
[EventType "swiss"]
[EventRounds "7"]
[EventCountry "GRE"]
[SourceTitle "CBM 147 Extra"]
[Source "ChessBase"]
[SourceDate "2012.04.24"]
[SourceVersion "1"]
[SourceVersionDate "2012.04.24"]
[SourceQuality "1"]

1. e4 c5 2. Nf3 d6 3. d4 cxd4 4. Nxd4 Nf6 5. Nc3 g6 6. Bd3 Nc6 7. Nxc6 bxc6 8. 0-0 Bg7 9. Bd2 Be6 10. Kh1 Qb6 11. b3 d5 12. e5 Ng4 13. Qe2 Nxe5 14. Na4 Qc7 15. Bf4 f6 16. Nc5 Bc8 17. c4 Qa5 18. Be3 Nxd3 19. Qxd3 Bf5 20. Qd1 dxc4 21. g4 Bc8 22. Qf3 0-0 23. bxc4 Qc7 24. Rfe1 f5 25. Rad1 fxg4 26. Qe2 Bc3 27. Bh6 Bxe1 28. Ne6 Bxe6 29. Qxe6+ Rf7 30. Rd7 Qc8 31. Bf4 Bc3 32. Bc7 Qf8 33. Bf4 Kh8 34. Be3 Rb8 35. Qxc6 Rxf2 36. Qe4 Qf3+ 37. Qxf3 Rxf3 38. Rxe7 Rb1+ 39. Kg2 Rb2+ 40. Kh1 Rf1+ 0-1

[Event "Ambelokipi op 096th"]
[Site "Athens"]
[Date "2009.05.09"]
[Round "1.3"]
[White "Skalkotas, Nikolaos"]
[Black "Touloupas, Andreas"]
[Result "1-0"]
[WhiteElo "2278"]
[BlackElo "1886"]
[PlyCount "48"]
[EventDate "2009.05.11"]
[EventType "swiss"]
[EventRounds "5"]
[EventCountry "GRE"]
[SourceTitle "EXT 2024"]
[Source "ChessBase"]
[SourceDate "2023.10.10"]
[SourceVersion "1"]
[SourceVersionDate "2023.10.10"]
[SourceQuality "1"]

1. d4 d5 2. Nf3 Nc6 3. c4 e6 4. Nc3 Nf6 5. cxd5 exd5 6. Bg5 Be7 7. e3 Bf5 8. Bxf6 Bxf6 9. Qb3 0-0 10. Nxd5 Bxd4 11. Nxd4 Nxd4 12. exd4 Be6 13. Bc4 b5 14. Qxb5 Rb8 15. Qc5 Bxd5 16. Qxd5 Re8+ 17. Kf1 Qe7 18. g3 Rbd8 19. Qf3 Rxd4 20. b3 g5 21. Kg2 g4 22. Qf5 Re4 23. Rhd1 Qf8 24. Rd7 h5 1-0